Riziko likvidity komerčnej banky a jeho riadenie diplomová práca

Gespeichert in:
Bibliographische Detailangaben
1. Verfasser: Straková, Jana
Körperschaft: Národohospodárska fakulta EU. Katedra bankovníctva a medzinárodných financií
Weitere Verfasser: Vovk, Martin, 1976-
Format: Buch
Sprache:Slowakisch
Veröffentlicht: Bratislava 2012
Tags: Tag hinzufügen
Keine Tags, Fügen Sie das erste Tag hinzu!

MARC

LEADER 00000nbm a2200000 4500
001 0153558
005 20161109102122.4
041 0 |a slo 
044 |a SK 
245 1 0 |a Riziko likvidity komerčnej banky a jeho riadenie  |b diplomová práca  |c Jana Straková ; školiteľ: Martin Vovk 
264 1 |a Bratislava  |c 2012 
300 |a 56 s. 
100 1 |a Straková, Jana 
700 1 |a Vovk, Martin, 1976- 
710 2 |a Národohospodárska fakulta EU. Katedra bankovníctva a medzinárodných financií